| 000 | 00550nam a22001937a 4500 | ||
|---|---|---|---|
| 005 | 20251108171153.0 | ||
| 008 | 250721s1992 xx 000 0 ara d | ||
| 082 | 1 | 4 | _a301/مبا |
| 100 | 1 | _aعثمان، إبراهيم | |
| 245 | 1 | 0 | _aمبادئ علم الإجتماع / |
| 264 | 1 |
_aعمان : _bجامعة القدس، _c1992. |
|
| 300 | _a404ص | ||
| 650 | 1 | 7 | _aالتاريخ |
| 650 | 1 | 7 | _aمبادىء علم الإجتماع |
| 700 | 1 | _aعضبيات، عاطف | |
| 700 | 1 | _aساري، حلمي | |
| 942 |
_2ddc _cBK |
||
| 999 |
_c58402 _d58402 |
||